000
00257 a2200097 4500
001
19804
100
_a
Thorpe, CL
245
_a
Educ and the devop. of Muslimnationalism in pre partition India
260
_a
_b
Pak Historical Society
_c
090
_c
14428
_d
14428
942
_a
NUST-CAE
_c
M
_c
4923
999
_c
254877
_d
254877